<?xml version="1.0" encoding="UTF-8"?>
<record
    xmlns:xsi="http://www.w3.org/2001/XMLSchema-instance"
    xsi:schemaLocation="http://www.loc.gov/MARC21/slim http://www.loc.gov/standards/marcxml/schema/MARC21slim.xsd"
    xmlns="http://www.loc.gov/MARC21/slim">

  <leader>02197nam a2200349 a 4500</leader>
  <controlfield tag="001">000008376</controlfield>
  <controlfield tag="003">DO-SdBPM</controlfield>
  <controlfield tag="005">20250917124521.0</controlfield>
  <controlfield tag="007">ta</controlfield>
  <controlfield tag="008">090916s1998    dr     000 0 spa d</controlfield>
  <datafield tag="020" ind1=" " ind2=" ">
    <subfield code="z">60578410</subfield>
  </datafield>
  <datafield tag="040" ind1=" " ind2=" ">
    <subfield code="a">DO-SdBPM</subfield>
    <subfield code="b">spa</subfield>
    <subfield code="c">BPMSU </subfield>
    <subfield code="d">rda</subfield>
  </datafield>
  <datafield tag="082" ind1=" " ind2="4">
    <subfield code="a">303.4</subfield>
    <subfield code="b">V943n 1998</subfield>
    <subfield code="2">22</subfield>
  </datafield>
  <datafield tag="245" ind1="0" ind2="3">
    <subfield code="a">La voluntad de la naci&#xF3;n :</subfield>
    <subfield code="b">propuestas aprobadas en la primera etapa del di&#xE1;logo nacional /</subfield>
    <subfield code="c">Cordinadores Carlos Dore Cabral, Esther Hern&#xE1;ndez Medina.</subfield>
  </datafield>
  <datafield tag="264" ind1=" " ind2=" ">
    <subfield code="a">Santo Domingo :</subfield>
    <subfield code="b">Alfa y Omega,</subfield>
    <subfield code="c">1998.</subfield>
  </datafield>
  <datafield tag="300" ind1=" " ind2=" ">
    <subfield code="a">443 p&#xE1;ginas  ;</subfield>
    <subfield code="c">29 cm.</subfield>
  </datafield>
  <datafield tag="336" ind1=" " ind2=" ">
    <subfield code="a">texto</subfield>
    <subfield code="b">txt</subfield>
    <subfield code="2">rdacontent</subfield>
  </datafield>
  <datafield tag="337" ind1=" " ind2=" ">
    <subfield code="a">sin mediaci&#xF3;n</subfield>
    <subfield code="b">n</subfield>
    <subfield code="2">rdamedia</subfield>
  </datafield>
  <datafield tag="338" ind1=" " ind2=" ">
    <subfield code="a">volumen</subfield>
    <subfield code="b">nc</subfield>
    <subfield code="2">rdacarrier</subfield>
  </datafield>
  <datafield tag="505" ind1="0" ind2=" ">
    <subfield code="a">Pol&#xED;ticas econ&#xF3;micas 33 -- Pol&#xED;ticas sociales / educaci&#xF3;n y deportes 51 -- Pol&#xED;ticas sociales / salud, poblaci&#xF3;n y seguridad social 81-- Pol&#xED;ticas sociales / mujer-g&#xE9;nero 105 -- Pol&#xED;ticas sociales / pol&#xED;ticas generales 115 -- Sectores populares, comunitarios y sindicales 125 -- Reforma pol&#xED;ticas 131 -- Estado de derecho 141 -- Pol&#xED;ticas culturales 149 -- Pol&#xED;ticas internacionales 165|Infraestructura y energ&#xED;a 181|Agropecuaria 195|Medio ambiente y recursos naturales 215 -- Pol&#xED;ticas econ&#xF3;micas 229 -- Pol&#xED;ticas sociales / educaci&#xF3;n y deportes 237 -- Pol&#xED;ticas sociales / salud, poblaci&#xF3;n y seguridad social 238 -- Pol&#xED;ticas sociales / mujer-g&#xE9;nero 241 -- Pol&#xED;ticas sociales / generales 242 -- Sectores populares, comunitarios y sindicales 247 -- Reformas pol&#xED;ticas 269 -- Estado de derecho 277 -- Pol&#xED;tica culturales 301 -- Pol&#xED;tica internacionales 307 -- Infraestructura y energ&#xED;a 333 -- Pol&#xED;tica agropecuaria 383 -- Subcomisi&#xF3;n recursos naturales y medio ambiente 395.</subfield>
  </datafield>
  <datafield tag="590" ind1=" " ind2=" ">
    <subfield code="a">Inventariado, 2025/VM</subfield>
  </datafield>
  <datafield tag="650" ind1=" " ind2="7">
    <subfield code="a">Cambio social</subfield>
    <subfield code="z">Rep&#xFA;blica Dominicana</subfield>
  </datafield>
  <datafield tag="650" ind1=" " ind2="7">
    <subfield code="a">Pol&#xED;tica cultural</subfield>
    <subfield code="z">Rep&#xFA;blica Dominicana</subfield>
  </datafield>
  <datafield tag="650" ind1=" " ind2="7">
    <subfield code="a">Pol&#xED;tica de desarrollo</subfield>
  </datafield>
  <datafield tag="650" ind1=" " ind2="7">
    <subfield code="a">Estado de derecho</subfield>
  </datafield>
  <datafield tag="650" ind1=" " ind2="7">
    <subfield code="a">Medio ambiente</subfield>
  </datafield>
  <datafield tag="651" ind1=" " ind2="4">
    <subfield code="a">Rep&#xFA;blica Dominicana</subfield>
    <subfield code="x">Pol&#xED;tica Econ&#xF3;mica</subfield>
  </datafield>
  <datafield tag="700" ind1="1" ind2=" ">
    <subfield code="a">Dore Cabral, Carlos </subfield>
    <subfield code="e">Cordinador</subfield>
  </datafield>
  <datafield tag="700" ind1="1" ind2=" ">
    <subfield code="a"> Hern&#xE1;ndez Medina., Esther</subfield>
    <subfield code="e">Cordinador</subfield>
  </datafield>
  <datafield tag="910" ind1=" " ind2=" ">
    <subfield code="a">VMateo V. Control de calidad. BPMSU </subfield>
  </datafield>
  <datafield tag="942" ind1=" " ind2=" ">
    <subfield code="2">ddc</subfield>
    <subfield code="c">BK</subfield>
  </datafield>
  <datafield tag="952" ind1=" " ind2=" ">
    <subfield code="0">0</subfield>
    <subfield code="1">0</subfield>
    <subfield code="2">ddc</subfield>
    <subfield code="7">0</subfield>
    <subfield code="8">CD</subfield>
    <subfield code="a">BPMET</subfield>
    <subfield code="b">BPMET</subfield>
    <subfield code="d">2025-09-17</subfield>
    <subfield code="l">0</subfield>
    <subfield code="o">BPMSU CD 303.4 V943n 1998</subfield>
    <subfield code="p">BPMSU25090079</subfield>
    <subfield code="r">2025-09-17</subfield>
    <subfield code="w">2025-09-17</subfield>
    <subfield code="y">BK</subfield>
  </datafield>
  <datafield tag="999" ind1=" " ind2=" ">
    <subfield code="c">15401</subfield>
    <subfield code="d">15401</subfield>
  </datafield>
</record>
